|
|
|
|
| LEADER |
00000nab a2200000 a 4500 |
| 001 |
vtls000760554 |
| 003 |
SK-MaSNL |
| 005 |
20260318114432.0 |
| 008 |
040806c2001 xo 0 ukr |
| 015 |
|
|
|a SNBRB2001/06-18824
|
| 035 |
|
|
|a CLN000112341
|
| 040 |
|
|
|a SNKBUCL
|b slo
|c SNKBUCL
|e AACR2
|
| 041 |
0 |
|
|a slo
|
| 044 |
|
|
|a xo
|c SK
|
| 080 |
|
|
|a 323.15(437.6)"1919/1920"
|2 UDC-MRF-SK2
|
| 080 |
|
|
|a 947.787"1919/1920"
|2 UDC-MRF-SK2
|
| 080 |
|
|
|a 943.76"1919/1920"
|2 UDC-MRF-SK2
|
| 080 |
|
|
|a 943.7"1919/1920"
|2 UDC-MRF-SK2
|
| 100 |
1 |
|
|a Vanat, Ivan,
|d 1926-2015
|4 aut
|9 205472
|
| 245 |
1 |
0 |
|a Z istoriji perepysu naselennja
|b dani perepysu za knyhoju Ivana Vanata ...
|n (3)
|
| 648 |
|
7 |
|a 1919-1920
|2 SNK
|9 357356
|
| 650 |
0 |
7 |
|a Ukrajinci
|2 SNKPH
|9 19025
|
| 651 |
|
7 |
|a Podkarpatská Rus
|x dejiny
|2 SNKPHgeo
|9 89523
|
| 651 |
|
7 |
|a Slovensko
|x dejiny
|2 SNKPHgeo
|9 13278
|
| 655 |
|
7 |
|a články z novín a časopisov
|2 snkbucl
|9 267496
|
| 773 |
0 |
|
|t Nove žyttja
|g Roč. 51, č. 7-8 (2001), s. 5
|
| 850 |
|
|
|a Slovenská národná knižnica v Martine
|
| 852 |
|
|
|a SNK
|b KIS3GCP
|
| 958 |
|
|
|a UK
|
| 958 |
|
|
|a UA
|
| 958 |
|
|
|a NB
|
| 999 |
|
|
|c 3351985
|d 3353915
|